| 000 | | | 05536ckm0a2200337#x 450 |
| 001 | | | 67084d77-2e72-41b9-8194-88086935fcd1 |
| 005 | | | 20240111100643.0 |
| 100 | ## | $a | 20240110d1942####k###0rusy50 ca |
| 101 | 0# | $a | rus |
| 102 | ## | $a | RU |
| 116 | ## | $a | fiybxx####zz####zz |
| 122 | 0# | $a | d1942###### |
| 200 | 1# | $a | Начальник штаба 3-го воздухоплавательного отряда аэростатов артиллерийского наблюдения (3-й ВДААН) Ленинградского фронта капитан Е. А. Кириков (слева) и старший лейтенант В. Л. Грановский |
| | $j | [1942 г.] |
| 251 | ## | $c | Документ |
| 300 | ## | $a | Фотография |
| 461 | #0 | $1 | 2001 |
| | $a | Ф. 2881 |
| | $1 | 251 |
| | $c | Фонд |
| | $1 | 852 |
| | $j | 2881 |
| 462 | #0 | $1 | 2001 |
| | $a | Оп. 1 |
| | $1 | 251 |
| | $c | Опись |
| | $1 | 852 |
| | $j | 1 |
| 462 | #0 | $1 | 2001 |
| | $a | Д. 473 |
| | $v | Л. 68 |
| | $1 | 251 |
| | $c | Дело |
| | $1 | 852 |
| | $j | 473 |
| 600 | #1 | $2 | prlib_sh |
| | $3 | LIBNET\UAF\0000110310 |
| | $a | Кириков |
| | $b | Е. А. |
| | $f | 1923- |
| | $g | Евгений Александрович |
| | $j | Фотографии |
| 600 | #1 | $2 | prlib_sh |
| | $3 | LIBNET\UAF\0000110311 |
| | $a | Грановский |
| | $b | В. Л. |
| | $f | 1923-2011 |
| | $g | Владимир Львович |
| | $j | Фотографии |
| 601 | 02 | $2 | nlr_sh |
| | $3 | RU\NLR\AUTH\6601573142 |
| | $a | Отдельный воздухоплавательный дивизион аэростатов наблюдения |
| | $c | 1 |
| | $j | Фотографии |
| 605 | ## | $2 | prlib_sh |
| | $3 | LIBNET\UAF\0000088514 |
| | $a | Вторая мировая война в архивных документах (Комплекс оцифрованных архивных документов, кино- и фотоматериалов) |
| | $l | коллекция |
| 606 | 1# | $2 | prlib_sh |
| | $3 | LIBNET\UAF\0000057714 |
| | $a | Великая Отечественная война |
| | $z | 1941-1945 |
| | $x | Герои и героизм |
| | $y | Ленинградская область |
| | $j | Фотографии |
| 608 | ## | $a | Документальные фотографии |
| | $z | 1942 |
| | $2 | prlib_sh |
| | $3 | LIBNET\UAF\0000093096 |
| 686 | ## | $a | 63.3(2)622,12я611 |
| | $v | LBC/M |
| | $2 | rubbk |
| 686 | ## | $a | 39.592я611 |
| | $v | LBC/M |
| | $2 | rubbk |
| 801 | #0 | $a | RU |
| | $b | ПБ им. Б.Н. Ельцина |
| | $c | 20240110 |
| 801 | #1 | $a | RU |
| | $b | ПБ им. Б.Н. Ельцина |
| | $c | 20240110 |
| | $2 | rusmarc |
| 801 | #2 | $a | RU |
| | $b | ПБ им. Б.Н. Ельцина |
| | $c | 20240111 |
| | $2 | rusmarc |
| 850 | ## | $a | Российский государственный архив литературы и искусства |
| 852 | ## | $a | РГАЛИ |
| | $j | Л. 68 |
| 035 | ## | $a | LIBNET\0001372860 |
| 937 | ## | $d | 190293678 |
| | $h | Федеральное архивное агентство |
| 856 | 4# | $u | http://readingroom.main.prlib.ru/item.aspx?id_node=n190293678&mode=full |